| 000 | 01548nam a2200229Ia 4500 | ||
|---|---|---|---|
| 003 | Ost | ||
| 005 | 20260507075143.0 | ||
| 008 | 260507s9999||||xx |||||||||||||| ||und|| | ||
| 040 | _cfsecg | ||
| 041 | _aara | ||
| 082 | _a330 | ||
| 100 |
_aخلف، فليح حسن _eمؤلف |
||
| 245 | 0 |
_aاقتصاديات الأعمال / _c فليح حسن خلف |
|
| 260 |
_aعمان: _bجدارا للكتاب العالمي, _c2009 |
||
| 300 |
_a475 صفحة؛ _bإيضاحات ؛ _c24 سم |
||
| 504 | _aالمراجع ص.467 | ||
| 520 | _aمدخل تمهيدي ومفاهيم أساسية- دراسة وتحليل السوق- دراسة الطلب وتحليله- تحليل مرونة الطلب- التنبؤ بالطلب والمبيعات- دراسة إنتاج المشروع وتحلله- دراسة وتحليل تكاليف انتاج المشروعات- دراسة وتحليل أرباح المشروعات- الاسعار والسياسة السعرية لمشروعات الاعمال- سياسة مشروعات الاعمال بخصوص الأجور والحوافز- اقتصاديات جدوى وتقييم مشروعات الأعمال- اقتصاديات أداء مشروعات الأعمال- اقتصاديات جودة منتجات مشروعات الأعمال- اقتصاديات التجديد التكنولوجي- اقتصاديات التخزين- اقتصاديات الاعلان | ||
| 653 | _aإدارة الأعمال | ||
| 653 | _aإدارة- المشاريع | ||
| 653 | _aالإقتصاد | ||
| 942 | _cكتاب | ||
| 999 |
_c43310 _d43310 |
||